British History by Letter - A - Statistics

General Stats
  • This quiz has been taken 1,146 times
    1,019 since last reset
  • The average score is 7 of 14
Answer Stats
Hint Answer % Correct
Following an Act of Union in 1707, this Queen becomes the first monarch of the Kingdom of Great Britain Queen Anne
94%
This fleet of ships, the greatest naval power at the time is defeated by the significantly weaker Elizabethan navy in the English Channel Spanish Armada
87%
Prince Consort heavily involved in the Great Exhibition of 1851 Prince Albert
77%
An army of mostly English and Welsh archers are led by Henry V to victory in this battle against the French Agincourt
69%
King of Wessex that successfully defended the kingdom from the Vikings Alfred the Great
68%
Group of Germanic people that settled in England following the Roman withdrawal Angles
64%
With a purse of 100 guineas, the first race is held at this Berkshire racecourse Ascot
56%
This war begins in 1775, fought primarily between the Kingdom of Great Britain and its thirteen American Colonies American Revolutionary War
44%
Welsh village where 116 children and 28 adults where killed when a colliery spoil tip collapsed, engulfing the nearby junior school Aberfan
31%
Saint venerated as the first recorded Briton-Christian martyr, believed to have been beheaded in a town that now shares his name St Alban
25%
Former Queen Consort of France, wife of Henry II and mother to three kings Eleanor of Aquitaine
24%
Intended as an expansion to the northernmost frontier of the Roman Empire, this wall is abandoned eight years after its completion Antonine Wall
21%
Despite being heavily pregnant, this Queen Consort rode in full armour to address the troops before their eventual victory at the Battle of Flodden Field Catherine of Aragon
18%
First woman to take her seat in parliament Lady Nancy Astor
18%
No matching quizzes found
Score Distribution
Percent of People with Each Score
Percentile by Number Answered
Your Score History
You have not taken this quiz since the last reset